|
|
|
|
| LEADER |
00000nam0a2200000 4500 |
| 001 |
364939 |
| 005 |
20231102011734.0 |
| 035 |
|
|
|a (RuTPU)RU\TPU\retro\22302
|
| 035 |
|
|
|a RU\TPU\retro\22286
|
| 090 |
|
|
|a 364939
|
| 100 |
|
|
|a 20211206d1958 k y0rusy50 ca
|
| 101 |
0 |
|
|a rus
|
| 102 |
|
|
|a RU
|
| 105 |
|
|
|a a z 001zy
|
| 200 |
1 |
|
|a Из опыта строительства на Северо-Востоке СССР
|f А. И. Калабин
|g Всесоюзный научно-исследовательский институт золота и редких металлов
|
| 210 |
|
|
|a Магадан
|c Изд-во ВНИИ-1
|d 1958
|
| 215 |
|
|
|a 80 с.
|c ил.
|
| 225 |
1 |
|
|a Труды ВНИИ-1 (Всесоюзного научно-исследовательского института золота и редких металлов)
|
| 225 |
1 |
|
|a Мерзлотоведение
|v Вып. 10
|
| 320 |
|
|
|a Библиогр. в конце ст.
|
| 606 |
1 |
|
|a Мерзлотоведение
|2 stltpush
|3 (RuTPU)RU\TPU\subj\42207
|9 61898
|
| 610 |
1 |
|
|a Северо-Восток СССР
|
| 610 |
1 |
|
|a орография
|
| 610 |
1 |
|
|a Колыма
|
| 610 |
1 |
|
|a промышленное строительство
|
| 610 |
1 |
|
|a гражданское строительство
|
| 610 |
1 |
|
|a схемы
|
| 610 |
1 |
|
|a карты
|
| 610 |
1 |
|
|a инженерно-геологическое районирование
|
| 610 |
1 |
|
|a грунты
|
| 610 |
1 |
|
|a морозное пучение
|
| 610 |
1 |
|
|a электростанции
|
| 610 |
1 |
|
|a вечная мерзлота
|
| 675 |
|
|
|a 551.345
|v 4
|
| 700 |
|
1 |
|a Калабин
|b А. И.
|
| 712 |
0 |
2 |
|a Всесоюзный научно-исследовательский институт золота и редких металлов
|c (Магадан)
|c (1960-1994)
|2 stltpush
|3 (RuTPU)RU\TPU\col\7605
|9 24351
|
| 801 |
|
1 |
|a RU
|b 63413507
|c 20211018
|
| 801 |
|
2 |
|a RU
|b 63413507
|c 20211206
|g RCR
|
| 942 |
|
|
|c BK
|